000 00371nam a22001337a 4500
020 _a0-7172-8241-4
082 _a030
_bMAM/DIS/1990
100 _aMAMBERG, FERN L
245 _aDISNEY'S WONDERFUL WORLD OF KNOWLEDGE
_bYEAR BOOK 1977-1990
260 _aCONNECTICUT
_bGROLIER ENTERPRISES INC
_c1990
300 _a124
650 _aGENERAL KNOWLEDGE
_zUNITED STATES
942 _cBK
999 _c2225
_d2225